|
|
|
|
| LEADER |
01732nam a2200337 a 4500 |
| 001 |
34674 |
| 003 |
BD-DhAAL |
| 005 |
20211118130906.0 |
| 008 |
190521r20152009njua b 001 0 eng |
| 999 |
|
|
|c 40687
|d 40687
|
| 010 |
|
|
|a 2007038332
|
| 020 |
|
|
|a 9780470129067 (alk. paper)
|
| 020 |
|
|
|a 0470129069 (alk. paper)
|
| 020 |
|
|
|a 9788126537211
|
| 035 |
|
|
|a (OCoLC)ocn173243815
|
| 040 |
|
|
|a DLC
|b eng
|c DLC
|d BAKER
|d BTCTA
|d YDXCP
|d C#P
|d BWX
|d HEBIS
|d DEBBG
|d UWW
|d OCL
|d DEBSZ
|d DLC
|d BD-DhAAL
|
| 050 |
0 |
0 |
|a G70.212
|b .D46 2009
|
| 082 |
0 |
0 |
|a 910.285
|2 22
|
| 100 |
1 |
|
|a DeMers, Michael N.
|9 31718
|
| 245 |
1 |
0 |
|a Fundamentals of geographic information systems /
|c Michael N. DeMers.
|
| 250 |
|
|
|a Forth edition
|
| 260 |
|
|
|a Hoboken, NJ ;
|a India :
|b Wiley,
|c c2009 [Reprint 2015]
|
| 300 |
|
|
|a xiii, 443 pages :
|b illustrations ;
|c 23 cm.
|
| 504 |
|
|
|a Includes bibliographical references and index.
|
| 505 |
0 |
|
|a Introduction to digital geography -- Basic geographic concepts -- Map basics -- GIS: computer structure basics -- GIS data models -- GIS input -- Data storage and editing -- Query and description -- Measurement -- Classification -- Statistical surfaces -- Terrain analysis -- Spatial arrangement -- Map overlay -- Cartographic modeling -- Cartography and visualization -- GIS design.
|
| 526 |
|
|
|a ARC
|
| 541 |
|
|
|a HYE Trade International
|e 34674
|
| 650 |
|
0 |
|a Geographic information systems
|v Textbooks.
|9 31719
|
| 650 |
|
0 |
|a Architecture
|9 42829
|
| 942 |
|
|
|2 ddc
|c BK
|
| 952 |
|
|
|0 0
|1 0
|2 ddc
|4 0
|6 910_285000000000000_DEM
|7 0
|9 65474
|a BRACUL
|b BRACUL
|c GEN
|d 2019-05-09
|e Hye Trade International
|g 893.00
|l 1
|m 10
|o 910.285 DEM
|p 3010034674
|r 2022-11-10
|s 2022-09-03
|t 1
|v 893.00
|w 2019-05-09
|y BK
|x Lost items found on 13/01/2026 (from ARC Department)
|